| 000 | 01663cam a2200409 a 4500 | ||
|---|---|---|---|
| 001 | 14459738 | ||
| 003 | EG-ScBUE | ||
| 005 | 20211219104836.0 | ||
| 008 | 060719t2006 nyu f b 000 f eng d | ||
| 020 | _a0307264882 (alk. paper) | ||
| 020 | _a9780307264886(alk. paper) | ||
| 040 |
_aDLC _beng _erda _cDLC _dDLC _dEG-ScBUE |
||
| 043 | _an-us-oh | ||
| 082 | 0 | 4 |
_a813.54 _bMOR _222 |
| 100 | 1 |
_aMorrison, Toni, _eauthor. _921388 |
|
| 245 | 1 | 0 |
_aBeloved / _cToni Morrison ; with an introduction by A. S. Byatt. |
| 264 | 1 |
_aNew York : _bAlfred Knopf, _c[2006] |
|
| 264 | 4 | _cc2006 | |
| 300 |
_axxxi, 316 pages ; _c22 cm. |
||
| 336 |
_2rdacontent _atext _btxt |
||
| 337 |
_2rdamedia _aunmediated _bn |
||
| 338 |
_2rdacarrier _avolume _bnc |
||
| 490 | 0 | _aEveryman's library | |
| 500 | _aOriginally published: New York : Knopf : Distributed by Random House, 1987. | ||
| 504 | _aIncludes bibliographical references. | ||
| 650 | 7 |
_aAfrican American women _vFiction. _921390 _2BUEsh |
|
| 650 | 7 |
_aWomen slaves _vFiction. _921391 _2BUEsh |
|
| 650 | 7 |
_aInfanticide _vFiction. _921392 _2BUEsh |
|
| 651 | 7 |
_aOhio _vFiction. _921393 _2BUEsh |
|
| 653 |
_bHHUUEENN _cDecember2021 |
||
| 655 | 7 |
_aHistorical fiction. _2gsafd _vReading book |
|
| 856 | 4 | 2 |
_3Contributor biographical information _uhttp://www.loc.gov/catdir/enhancements/fy0664/2006050217-b.html |
| 856 | 4 | 2 |
_3Publisher description _uhttp://www.loc.gov/catdir/enhancements/fy0664/2006050217-d.html |
| 856 | 4 | 1 |
_3Sample text _uhttp://www.loc.gov/catdir/enhancements/fy0664/2006050217-s.html |
| 942 |
_2ddc _cBB |
||
| 999 |
_c14860 _d14860 |
||